Diccionario de conceptos históricos y geográficos de Chile

Salvato in:
Dettagli Bibliografici
Autore principale: Quezada Vergara, Abraham (Autore)
Natura: Libro
Lingua:spagnolo
Pubblicazione: Santiago, Chile RIL 2004
Soggetti:
Tags: Aggiungi Tag
Nessun Tag, puoi essere il primo ad aggiungerne!!

MARC

LEADER 00000nam a2200000 a 4500
001 UCL6576
003 CL-VaPUC
005 20220122074443.0
008 040416e20040000CL |||||||||||||||||spa|d
999 |c 308578  |d 308576 
020 |a 9562843572 
040 |c Pontificia Universidad Católica de Valparaíso 
082 0 4 |a 983.003 QUE 2004  |2 21 
100 0 |a Quezada Vergara, Abraham  |e author  |9 484183 
245 1 0 |a Diccionario de conceptos históricos y geográficos de Chile 
260 |a Santiago, Chile  |b RIL  |c 2004 
300 |a 440 páginas 
583 |a last modification  |c 20040416 00:00:00  |k Rodrigo Vera 
650 0 |a Historia de Chile  |9 265473 
650 0 |a Geografía de Chile   |9 268295 
650 0 |a Diccionarios  |z CHILE  |9 256200 
852 |a BIBCUR 
942 |c BK  |2 ddc 
945 |d 20040416 00:00:00  |a cmena 
952 |0 0  |1 0  |2 ddc  |4 0  |6 983_003000000000000_QUE_2004  |7 0  |8 F  |9 375194  |a BIBHIS  |b BIBHIS  |d 2019-11-21  |i 4002806  |o 983.003 QUE 2004  |p 4002806  |r 2024-01-30  |t 1  |w 2019-11-21  |y BK_X  |k HIS 
952 |0 0  |1 0  |2 ddc  |4 0  |6 983_003000000000000_QUE_2004  |7 0  |8 X  |9 375195  |a FDOBUD  |b FDOBUD  |d 2019-11-21  |i 4596498  |o 983.003 QUE 2004  |p 4596498  |r 2019-11-21  |t 2  |w 2019-11-21  |y BK_X  |k BUD